00000000nam 2200000zi 4500
0019.946665
003CaOODSP
00520250613141509
006m     o  d f      
007cr mn|||||||||
008250109t20252025quc     o    f000 0 eng d
020 |a9780660751603
040 |aCaOODSP|beng|erda|cCaOODSP
043 |an-cn---
0861 |aEm4-23/1-2024E-PDF
24500|aService Canada's client experience research 2023-24 : |bqualitative findings report / |cprepared for Employment and Social Development Canada (ESDC).
264 1|a[Gatineau, QC] : |bEmployment and Social Development Canada = Emploi et Développement social Canada, |c2025.
264 4|c©2025
300 |a1 online resource (49 pages)
336 |atext|btxt|2rdacontent
337 |acomputer|bc|2rdamedia
338 |aonline resource|bcr|2rdacarrier
500 |aCover title.
500 |aIssued also in French under title: Recherche qualitative 2023-2024 portant sur l'expérience client de Service Canada : rapport des résultats qualitatifs.
500 |a"Registration Number: POR 008-24."
500 |a"Contract Number: #CW2365019 (G9292-256765)."
500 |a"Supplier: Ipsos Limited Partnership."
500 |a"Delivery Date: January 14, 2025."
520 |a"The annual Service Canada Client Experience (CX) Survey measures the end-to-end service experience delivered by Service Canada and tracks the impact of service delivery change on clients’ ability to access federal programs and satisfaction with the federal programs. The 2023-24 CX Survey is the seventh annual wave. The project is conducted in two phases: an initial quantitative survey followed by a qualitative phase of research. The research objectives for the 2023-24 CX qualitative component focused on: level of ease/difficulty; service barriers encountered and improvements; resources used when applying to a statutory program and for EI clients only job search experiences; program-specific and non-program specific “life events”; and online “life events” service hubs. The results from the qualitative research will contribute to broader efforts at enhancing client experience, improving service delivery and operational efficiency at Service Canada. Included in the report are suggested improvements and actionable insights covering the client journeys in each of the five statutory programs, as well as two topics under special investigation: EI Claimant Information Sessions and the life events online information hubs"--Executive summary, Background, objectives and methodology, page 4.
61010|aCanada. |bService Canada|xCustomer services|xPublic opinion.
650 0|aPublic opinion|zCanada.
7101 |aCanada. |bEmployment and Social Development Canada, |eissuing body.
7102 |aIpsos (Firm), |econsultant.
77508|tRecherche qualitative 2023-2024 portant sur l'expérience client de Service Canada : |w(CaOODSP)9.946666
795 |tService Canada client experience qualitative research 2022-23 : |w(CaOODSP)9.930809
85640|qPDF|s813 KB|uhttps://publications.gc.ca/collections/collection_2025/edsc-esdc/Em4-23-1-2024-eng.pdf
8564 |qHTML|sN/A|uhttps://epe.bac-lac.gc.ca/100/200/301/pwgsc-tpsgc/por-ef/employment_social_development_canada/2025/008-24-e/008-24-report-qual.htm